header

Media intertextualities (Record no. 94303)

MARC details
000 -LEADER
fixed length control field 01386nam a2200361 a 4500
082 04 - DEWEY DECIMAL CLASSIFICATION NUMBER
Classification number 302.2301/4
245 00 - TITLE STATEMENT
Title Media intertextualities
260 ## - PUBLICATION, DISTRIBUTION, ETC. (IMPRINT)
Place of publication Amsterdam ;
-- Philadelphia :
Name of publisher John Benjamins Pub. Co.,
Year of publication 2012.
300 ## - PHYSICAL DESCRIPTION
Number of Pages 144 p. :
Other physical details ill. (some col.).
490 1# - SERIES STATEMENT
Series statement Benjamins current topics ;
650 #0 - SUBJECT ADDED ENTRY--TOPICAL TERM
Topical Term Intertextuality.
Topical Term Mass media and language.
Topical Term Semiotics.
Topical Term Discourse analysis
700 1# - ADDED ENTRY--PERSONAL NAME
Personal name Hiramoto, Mie.
856 40 - ELECTRONIC LOCATION AND ACCESS
Uniform Resource Identifier http://site.ebrary.com/lib/rucke/Doc?id=10562052

No items available.

© 2026 Rongo University
Contact us: librarian | system librarian | Rongo university